000 00418nam a22001577a 4500
003 MPLRDC
005 20220104143744.0
008 210129b ||||| |||| 00| 0 eng d
082 _a805.124 DEV
100 _aDEVLIN 原作
245 _a最新英文同义反义字典
_c尹让辙 译
260 _a
_b文源书局
_c
300 _b
650 _a英语--同义、反义、同音异语
942 _cBK
_o805.124 DEV
999 _c43029
_d43019